| 000 | 00551nam a22002057a 4500 | ||
|---|---|---|---|
| 003 | OSt | ||
| 005 | 20140310184525.0 | ||
| 008 | 131022t xxu||||| |||| 00| 0 eng d | ||
| 020 | _a9780545285049 | ||
| 050 |
_aPZ 7 _b.K19 2010 |
||
| 100 |
_aKass, Mallory _920839 |
||
| 245 |
_aThe black book of buried secrets / _cMallory Kass |
||
| 260 |
_aNew York : _bScholastic Inc., _c2010. |
||
| 300 |
_a186 p. : _bcol. ill. ; _c19 cm. |
||
| 440 |
_aThe 39 Clues. _929441 |
||
| 521 | _aG9 | ||
| 526 | _c1010 | ||
| 942 |
_2lcc _cBK-SCHOLAS |
||
| 999 |
_c35110 _d35110 |
||